01519cam a22003615a 4500001001000000003000400010005001700014008004100031015001900072016001800091020002500109020002200134040004000156082002500196100005400221245005000275246005200325250001200377260003800389300003300427490003000460500002400490500016900514650007400683650007500757651001000832653002600842655002400868700010900892942000801001999001701009952013101026015845980OSt20160926145130.0110708t2012 nyua fr 001 0 eng d aGBB1829842bnb7 a0158459802Uk a9780071635097 (pbk.) a0071635092 (pbk.) aStDuBDSbengcStDuBDSdUkdEG-ScBUE04a621.3822076bHAY2221 aHayes, M. H.‏q(Monson H.),‏d1949-‏94124610aDigital signal processing /cMonson H. Hayes.33aSchaum’s outline of digital signal processing a2nd ed. aNew York :bMcGraw-Hill,cc.2012. aix, 432 p. :bill. ;c28 cm.0 aSchaum’s outline series aIndex : p. 429-432. aUse with these courses : Signals and systems - Digital signal processing - digital filters and signal processing - discrete-time and continuous-time linear systems. 0aSignal processingxDigital techniquesvOutlines, syllabi, etc.2BUEsh 0aSignal processingxDigital techniquesvProblems, exercises, etc2BUEsh 2BUEsh bENGELCcSeptember2016 vReading book9342321 aHayes, M. H.q(Monson H.),d1949-tSchaum's outline of theory and problems of digital signal processing. 2ddc c22413d22385 00102ddc40708BaccahaMAINbMAINc1STd2016-09-26ePurchaseg280.00l0o621.3822076 HAYp000033719r2025-07-15 00:00:00yBB